| 000 | 00376nam a2200169Ia 4500 | ||
|---|---|---|---|
| 003 | 0100 | ||
| 008 | 130303s9999 xx 000 0 und d | ||
| 040 | _cARRUPELIB | ||
| 050 | _aBR100.A71960 | ||
| 100 | _aArmstrong, A.H | ||
| 245 | _aChristian faith and Greek Philosophy | ||
| 260 | _aNY | ||
| 260 | _bSheed Ward Inc | ||
| 260 | _C1960 | ||
| 300 | _a162p | ||
| 942 | 0 | 0 | _02 |
| 999 |
_c46242 _d46242 |
||